[Event "ESP-ch U10 rapid"]
[Site "Salobrena"]
[Date "2024.07.07"]
[Round "6"]
[White "Ruiz Castillejos, Marcos"]
[Black "Frias Lope, Marta"]
[Result "1-0"]
[WhiteElo "1570"]
[BlackElo "1481"]
[PlyCount "71"]
[EventDate "2024.07.06"]
[EventType "swiss (rapid)"]
[EventRounds "9"]
[EventCountry "ESP"]
[SourceTitle "EXT 2025"]
[Source "ChessBase"]
[SourceDate "2024.10.14"]
[SourceVersion "1"]
[SourceVersionDate "2024.10.14"]
[SourceQuality "1"]

1. d4 f5 2. c4 e6 3. Nf3 Bb4+ 4. Bd2 Bxd2+ 5. Nbxd2 Nf6 6. Qc2 b6 7. g3 Bb7 8. Bg2 0-0 9. 0-0 Qe7 10. Rfe1 Na6 11. a3 c5 12. dxc5 Nxc5 13. b4 Nce4 14. Nxe4 Nxe4 15. Nd2 Nxd2 16. Bxb7 Rab8 17. Bg2 Ne4 18. Bxe4 fxe4 19. Qxe4 Qf6 20. f3 Qc3 21. Kg2 Rbc8 22. Qd3 Qxc4 23. Qxd7 a5 24. bxa5 bxa5 25. Rac1 Qa6 26. Rxc8 Rxc8 27. Kf2 Qb6+ 28. Kg2 Qa6 29. e4 Rc2+ 30. Kh3 h6 31. Rb1 Kh7 32. Rb7 Qf1+ 33. Kg4 Qa1 34. Qxe6 Rxh2 35. Qf5+ Kg8 36. Rb8# 1-0

[Event "ESP-ch U10"]
[Site "Salobrena"]
[Date "2024.07.06"]
[Round "9"]
[White "Fernandez Alhama, Lola"]
[Black "Frias Lope, Marta"]
[Result "1-0"]
[WhiteElo "1573"]
[BlackElo "1423"]
[PlyCount "103"]
[EventDate "2024.07.01"]
[EventType "swiss"]
[EventRounds "9"]
[EventCountry "ESP"]
[SourceTitle "EXT 2025"]
[Source "ChessBase"]
[SourceDate "2024.10.14"]
[SourceVersion "1"]
[SourceVersionDate "2024.10.14"]
[SourceQuality "1"]

1. d4 f5 2. Bf4 e6 3. e3 Nf6 4. Nf3 b6 5. Nbd2 Bb7 6. Be2 Be7 7. h3 0-0 8. 0-0 Ne4 9. c3 Rf6 10. Nxe4 Bxe4 11. Bd3 Bb7 12. Bg5 Rg6 13. Bf4 d6 14. Bg3 Nd7 15. Re1 Be4 16. Qe2 c5 17. Rad1 Rc8 18. Bxe4 fxe4 19. Nd2 d5 20. Bh2 Qf8 21. f3 exf3 22. Nxf3 Nf6 23. Ne5 Rg5 24. Rf1 Qe8 25. Rf4 Bd6 26. Rf3 Qh5 27. Rdf1 Rf8 28. Qf2 Qe8 29. Nd3 Bxh2+ 30. Kxh2 Qh5 31. Kg1 Qg6 32. Ne5 Qe8 33. Ng4 Rg6 34. Ne5 Rh6 35. h4 a5 36. g4 Rg6 37. Nxg6 Qxg6 38. g5 h6 39. Qg2 Nd7 40. gxh6 Qxh6 41. Rxf8+ Nxf8 42. Qf2 Qg6+ 43. Qg2 Qd3 44. Qf2 Qg6+ 45. Kh2 Nh7 46. Rg1 Qe4 47. Qg3 Kf8 48. Qxg7+ Ke8 49. Qg8+ Kd7 50. Rg7+ Kc6 51. Qe8+ Kd6 52. Qd7# 1-0

[Event "ESP-ch U10"]
[Site "Salobrena"]
[Date "2024.07.05"]
[Round "8"]
[White "Frias Lope, Marta"]
[Black "Luque Granell, Eloi"]
[Result "1/2-1/2"]
[WhiteElo "1423"]
[BlackElo "1474"]
[PlyCount "98"]
[EventDate "2024.07.01"]
[EventType "swiss"]
[EventRounds "9"]
[EventCountry "ESP"]
[SourceTitle "EXT 2025"]
[Source "ChessBase"]
[SourceDate "2024.10.14"]
[SourceVersion "1"]
[SourceVersionDate "2024.10.14"]
[SourceQuality "1"]

1. d4 d5 2. Nf3 Nf6 3. Bg5 e6 4. e3 h6 5. Bh4 Nc6 6. c3 Be7 7. Bb5 Bd7 8. Nbd2 0-0 9. Bd3 Bd6 10. 0-0 e5 11. e4 dxe4 12. Nxe4 g5 13. Nfxg5 hxg5 14. Bxg5 Be7 15. Nxf6+ Bxf6 16. Qh5 Re8 17. Qh7+ Kf8 18. Qh6+ Bg7 19. Bxd8 Bxh6 20. Bxc7 exd4 21. Bb5 dxc3 22. bxc3 Rac8 23. Bd6+ Kg8 24. Rad1 a6 25. Ba4 b5 26. Bc2 Be6 27. a3 Rcd8 28. Bc7 Rxd1 29. Rxd1 Bg4 30. Rb1 Bd2 31. h3 Be6 32. a4 b4 33. cxb4 Nxb4 34. Bb3 Bxb3 35. Rxb3 Rc8 36. Rg3+ Kh7 37. Be5 f6 38. Bb2 Rc2 39. Rb3 Nd3 40. Ba3 Nc5 41. Rf3 Nxa4 42. Rxf6 Rc3 43. Bf8 a5 44. Kh2 Nb2 45. f3 Be1 46. Ra6 a4 47. Bb4 Re3 48. Bc5 Rb3 49. Ra7+ Kg6 1/2-1/2

[Event "ESP-ch U10"]
[Site "Salobrena"]
[Date "2024.07.04"]
[Round "6"]
[White "Saltos Macias, Gael"]
[Black "Frias Lope, Marta"]
[Result "1-0"]
[WhiteElo "1559"]
[BlackElo "1423"]
[PlyCount "111"]
[EventDate "2024.07.01"]
[EventType "swiss"]
[EventRounds "9"]
[EventCountry "ESP"]
[SourceTitle "EXT 2025"]
[Source "ChessBase"]
[SourceDate "2024.10.14"]
[SourceVersion "1"]
[SourceVersionDate "2024.10.14"]
[SourceQuality "1"]

1. d4 f5 2. Nf3 e6 3. c4 Bb4+ 4. Bd2 Bxd2+ 5. Qxd2 Nf6 6. Nc3 b6 7. g3 Bb7 8. Bg2 d6 9. 0-0 0-0 10. Rad1 Qe8 11. Qc2 Qh5 12. Nh4 Bxg2 13. Nxg2 Ng4 14. h4 Qh6 15. Qd3 e5 16. dxe5 Kh8 17. exd6 cxd6 18. Qxd6 Qxd6 19. Rxd6 Na6 20. Nd5 Ne5 21. b3 h5 22. Ngf4 Kh7 23. Nxh5 Rae8 24. Nhf4 Nc5 25. Ne3 Ne4 26. Rdd1 Nc3 27. Ra1 Ne4 28. Ned5 Kh6 29. Kg2 Ng6 30. Nxg6 Kxg6 31. e3 Kh5 32. f3 Nc5 33. Rad1 Ne6 34. Rfe1 g5 35. hxg5 Nxg5 36. Nf4+ Kh6 37. Rd6+ Kh7 38. Rh1+ Kg7 39. Rg6+ Kf7 40. Rxg5 Ke7 41. Rhh5 Kd7 42. Rxf5 Rxf5 43. Rxf5 Rxe3 44. Kf2 Re7 45. Nd5 Re6 46. g4 a5 47. Rf7+ Kc8 48. g5 Rg6 49. Ne7+ Kd8 50. Nxg6 Ke8 51. Ra7 Kd8 52. Ne5 Ke8 53. Rf7 b5 54. g6 bxc4 55. g7 cxb3 56. g8R# 1-0

[Event "ESP-ch U10"]
[Site "Salobrena"]
[Date "2024.07.01"]
[Round "1"]
[White "Frias Lope, Marta"]
[Black "Ortega Campallo, David"]
[Result "0-1"]
[WhiteElo "1423"]
[BlackElo "1678"]
[PlyCount "100"]
[EventDate "2024.07.01"]
[EventType "swiss"]
[EventRounds "9"]
[EventCountry "ESP"]
[SourceTitle "EXT 2025"]
[Source "ChessBase"]
[SourceDate "2024.10.14"]
[SourceVersion "1"]
[SourceVersionDate "2024.10.14"]
[SourceQuality "1"]

1. d4 Nf6 2. Nf3 g6 3. Nc3 Bg7 4. e4 d6 5. Be2 0-0 6. 0-0 Nbd7 7. Bf4 Nh5 8. Bg3 Nxg3 9. hxg3 e5 10. Re1 f5 11. Bc4+ Kh8 12. Qd2 Nb6 13. Bb3 fxe4 14. Nxe4 d5 15. Nc5 e4 16. Ng5 Bh6 17. f4 exf3 18. Re5 Bxg5 19. Rxg5 fxg2 20. Qe3 Bh3 21. Kh2 Rf1 22. Qe5+ Kg8 23. Kxh3 g1Q 24. Qe6+ Kf8 25. Qe2 Qh1+ 26. Qh2 Qxh2+ 27. Kxh2 Kg8 28. Rxf1 Qxg5 29. Nxb7 Rf8 30. Rg1 Rf2+ 31. Rg2 Rxg2+ 32. Kxg2 Qd2+ 33. Kh3 Qxd4 34. c3 Qd2 35. Nc5 Qxb2 36. Ne6 Qxc3 37. Kh4 Qf6+ 38. Ng5 h6 39. Kg4 Qxg5+ 40. Kh3 c5 41. Bc2 d4 42. Bb3+ c4 43. Bc2 d3 44. Bd1 c3 45. Bb3+ Kg7 46. Bd1 c2 47. Bxc2 dxc2 48. a4 c1Q 49. Kh2 Qc2+ 50. Kh1 Qgc1# 0-1